Diseño y producción de TIC para la formación: nuevas tecnologías de la información y la comunicación

Uloženo v:
Podrobná bibliografie
Hlavní autoři: Cabero Almenara, Julio (Autor), Romero Tena, Rosalía (Autor), Barroso Osuna, Julio (Autor), Llorente Cejudo, María del Carmen (Autor), Castaño Garrido, Carlos (Autor)
Další autoři: Román Graván, Pedro (autor)
Médium: Kniha
Jazyk:španělština
Vydáno: Barcelona UOC 2007
Vydání:1a. ed
Edice:Ciencias de la Educación, 95
Témata:
Tagy: Přidat tag
Žádné tagy, Buďte první, kdo vytvoří štítek k tomuto záznamu!

MARC

LEADER 00000cam a2200000 a 4500
001 UCD7264
003 CL-VaPUC
008 170317e20070000sp |||||||||||||||||spa|d
020 |a 9788497886635 
082 0 4 |a 371.144  |b CAB  |2 21 
100 0 |a Cabero Almenara, Julio  |e author  |9 591216 
700 0 |a Romero Tena, Rosalía  |e author  |9 591217 
700 0 |a Barroso Osuna, Julio  |e author  |9 591218 
700 |a Román Graván, Pedro  |e autor  |9 591219 
700 0 |a Llorente Cejudo, María del Carmen  |e author  |9 591220 
700 0 |a Castaño Garrido, Carlos  |e author  |9 591221 
245 1 0 |a Diseño y producción de TIC para la formación: nuevas tecnologías de la información y la comunicación 
250 |a 1a. ed 
300 |a 205 p 
942 |c BK 
945 |d 20170317 22:16:00  |a dcastane 
260 |a Barcelona  |b UOC  |c 2007 
650 0 |a Innovaciones pedagógicas  |9 307471 
650 7 |a INNOVACIONES TECNOLOGICAS  |2 CL-VaPUC  |9 591222 
650 0 |a TICs (Tecnologías de la Información y la Comunicación)  |9 562522 
650 0 |a Formación profesional de profesores  |9 307493 
583 |a last modification  |c 20170317 22:16:00  |k Rodrigo Vera 
490 0 |a Ciencias de la Educación, 95 
999 |c 367326  |d 367324 
952 |0 0  |1 0  |3 erb  |4 0  |6 371_144000000000000_CAB_2007  |7 0  |8 A  |9 482153  |a BIBEDU  |b BIBEDU  |i 5366488  |l 1  |o 371.144 CAB 2007  |p 5366488  |r 2024-11-25  |s 2024-11-18  |w 2019-11-24  |y BK  |z Catalogado en:20170317  |k EPE 
952 |0 0  |1 0  |3 erb  |4 0  |6 371_144000000000000_CAB_2007  |7 0  |8 A  |9 482154  |a BIBEDU  |b BIBEDU  |i 5366496  |o 371.144 CAB 2007  |p 5366496  |r 2019-11-24  |w 2019-11-24  |y BK  |z Catalogado en:20170317  |k EPE